Twenty One Pilots - Snap Back (Lyrics) - Statistics

General Stats
  • This quiz has been taken 44 times
  • The average score is 311 of 357
Answer Stats
Answer % Correct
a
100%
back
100%
bad
100%
break
100%
feeling
100%
for
100%
Got
100%
I
100%
I'm
100%
Is
100%
it
100%
my
100%
snap
100%
snap-
100%
the
100%
to
100%
gonna
96%
head
96%
If
96%
keep
96%
that
96%
track?
96%
about
93%
even
93%
good
93%
gotta
93%
it's
93%
It's
93%
then
93%
Then
93%
backslide
89%
but
89%
from
89%
right
89%
'17
85%
all
85%
All
85%
Been
85%
been
85%
lose
85%
pressure's
85%
streak,
85%
in
81%
of
81%
overweight
81%
Have
78%
have
78%
lead
78%
run
78%
Runnin'
78%
thing
78%
you
78%
you,
78%
lost
74%
show
74%
welcome
74%
necks,
70%
Oh
70%
progress
70%
today
70%
I've
67%
way
67%
adaptation
63%
am
63%
And
63%
bridges?
63%
kicked
63%
new
63%
out
63%
stitches
63%
this
63%
well,
63%
why
63%
burnt
59%
excuses
59%
hate
59%
now
59%
was
59%
give
56%
gone
56%
me,
56%
seem
56%
surprise
56%
elasticity
52%
finger
52%
hand
52%
five
48%
prayin'
48%
return
48%
times
48%
twenty-
48%
approach
44%
helps
44%
Bite
41%
Drove
41%
engine
41%
ride
41%
Blacklisted
37%
commandeered
37%
forgiveness
37%
hot
37%
move
33%
'til
33%
better
30%
died
30%
Guess
30%
Fool
26%
fresher
26%
once,
26%
No matching quizzes found
Score Distribution
Percent of People with Each Score
Percentile by Number Answered
Your Score History
You have not taken this quiz